00584pab a2200205 454500008004000000100002400040245004800064260000900112300001300121362001100134650001900145650001800164650001000182650001000192773003400202908000600236909001100242999001900253952010600272180718b2014 xxu||||| |||| 00| 0 eng d aBagchi, Amiya Kumar aSealing the victory of the corporate sector c2014 ap.16-18. a14 Jun aPrivate sector aPublic sector aBanks aDrugs aEconomic and Political Weekly aN a104396 c104392d104392 00104070aIIPAbIIPAd2018-07-19hVolume no: 49, Issue no: 24pAR104856r2018-07-19w2018-07-19yAR